[Event "All China Games 3rd"]
[Site "Suzhou"]
[Date "2006.05.25"]
[Round "9"]
[White "Wu, Wenjin"]
[Black "Wang, Yaoyao"]
[Result "1/2-1/2"]
[WhiteElo "2508"]
[BlackElo "2434"]
[PlyCount "110"]
[EventDate "2006.05.20"]
[EventType "swiss"]
[EventRounds "11"]
[EventCountry "CHN"]
[SourceTitle "CBM 112 Extra"]
[Source "ChessBase"]
[SourceDate "2006.07.14"]
[SourceVersion "1"]
[SourceVersionDate "2006.07.14"]
[SourceQuality "1"]

1. e4 c5 2. Nf3 d6 3. Bb5+ Nd7 4. 0-0 a6 5. Bc4 e6 6. Re1 Ngf6 7. Bf1 Be7 8. c3 b5 9. a4 Bb7 10. d3 0-0 11. Nbd2 Bc6 12. d4 bxa4 13. Bd3 Nb6 14. Qe2 cxd4 15. cxd4 Qd7 16. e5 Nfd5 17. Ne4 Bb5 18. exd6 Bxd6 19. Nxd6 Qxd6 20. Bd2 h6 21. Ne5 Rfc8 22. Qh5 Ra7 23. Bb1 Nc4 24. Nxc4 Rxc4 25. Qe5 Qxe5 26. dxe5 Rd4 27. Ba5 Rd7 28. Be4 Nf4 29. Bf3 Nd3 30. Re3 g5 31. h3 Nc5 32. Rc1 Nb3 33. Rc8+ Kg7 34. Bc3 Rc4 35. Rxc4 Bxc4 36. Bh5 Bb5 37. Bb4 Nd4 38. Bc5 Nf5 39. Rc3 Rd5 40. Bb4 Rd4 41. Ba3 Rc4 42. Kh2 f6 43. exf6+ Kxf6 44. Rf3 Rc2 45. g4 Bc6 46. gxf5 Bxf3 47. Bxf3 exf5 48. Kg2 a5 49. Bd1 Rc4 50. Be2 Re4 51. Bb5 h5 52. Bc5 h4 53. f3 Rf4 54. Be2 Ke6 55. Bd3 g4 1/2-1/2

[Event "All China Games 3rd"]
[Site "Suzhou"]
[Date "2006.05.20"]
[Round "1"]
[White "Yu, Lie"]
[Black "Wang, Yaoyao"]
[Result "0-1"]
[WhiteElo "2334"]
[BlackElo "2434"]
[PlyCount "100"]
[EventDate "2006.05.20"]
[EventType "swiss"]
[EventRounds "11"]
[EventCountry "CHN"]
[SourceTitle "CBM 112 Extra"]
[Source "ChessBase"]
[SourceDate "2006.07.14"]
[SourceVersion "1"]
[SourceVersionDate "2006.07.14"]
[SourceQuality "1"]

1. e4 c5 2. Nf3 d6 3. d4 cxd4 4. Nxd4 Nf6 5. f3 e5 6. Nb3 Be6 7. c4 Nc6 8. Be3 Be7 9. Be2 0-0 10. Nc3 a5 11. 0-0 a4 12. Nd2 Qa5 13. Nb5 Bd8 14. Bf2 Bb6 15. Nb1 Rfd8 16. N1c3 Nd7 17. Nd5 Bxf2+ 18. Rxf2 Nc5 19. Bf1 Bxd5 20. Qxd5 Qb6 21. Qd2 Ne6 22. Nc3 Ncd4 23. Nd5 Qc5 24. Kh1 Nc7 25. Nc3 Nc6 26. Rc1 Nb4 27. g3 Ne6 28. Nd5 Nc6 29. Bh3 Qa5 30. Bxe6 fxe6 31. Qxa5 Rxa5 32. Nc3 Nd4 33. Ne2 Rc8 34. Nxd4 exd4 35. Kg2 Rac5 36. Rfc2 b5 37. b3 d5 38. exd5 exd5 39. Rd2 axb3 40. axb3 dxc4 41. Rxd4 cxb3 42. Rxc5 Rxc5 43. Rb4 Rc2+ 44. Kh3 b2 45. Rxb5 Kf7 46. g4 Ke6 47. Kg3 Kd6 48. h4 Kc6 49. Rb8 Kc5 50. Kf4 Rc4+ 0-1

[Event "CHN-chT"]
[Site "Suzhou"]
[Date "2001.03.30"]
[Round "5"]
[White "Wang, Yaoyao"]
[Black "Wang, Jiaquan"]
[Result "1-0"]
[WhiteElo "2481"]
[BlackElo "2244"]
[PlyCount "75"]
[EventDate "2001.03.02"]
[EventType "team"]
[EventRounds "10"]
[EventCountry "CHN"]
[SourceTitle "EXT 2002"]
[Source "ChessBase"]
[SourceDate "2001.11.25"]
[SourceVersion "1"]
[SourceVersionDate "2001.11.25"]
[SourceQuality "1"]

1. d4 Nf6 2. c4 e6 3. Nf3 b6 4. a3 Bb7 5. Nc3 d5 6. Qc2 Nbd7 7. cxd5 exd5 8. Bf4 a6 9. e3 Be7 10. Bd3 0-0 11. b4 Re8 12. 0-0 Nf8 13. Rfc1 Ng6 14. Be5 Bd6 15. Bxd6 Qxd6 16. b5 a5 17. Ne2 Re7 18. Ng3 Bc8 19. Bf5 Be6 20. h4 Ng4 21. Qd3 Bd7 22. Bxd7 Qxd7 23. h5 Nf8 24. Rc3 g6 25. Rac1 Rc8 26. a4 Qd6 27. Rc6 Qb4 28. Qd1 Rce8 29. Ne2 Ne6 30. Rb1 Qa3 31. Rb3 Qa2 32. Nd2 Ng5 33. Nc3 Nxf2 34. Kxf2 Ne4+ 35. Ncxe4 dxe4 36. Rc2 Qxa4 37. Qb1 c5 38. Rc4 1-0

[Event "Lee Cup 4th"]
[Site "Beijing"]
[Date "1997.09.02"]
[Round "9"]
[White "Wang, Yaoyao"]
[Black "Li, Shilong"]
[Result "0-1"]
[WhiteElo "2430"]
[BlackElo "2335"]
[PlyCount "106"]
[EventDate "1997.08.23"]
[EventType "swiss"]
[EventRounds "11"]
[EventCountry "CHN"]
[SourceTitle "CBM 061"]
[Source "ChessBase"]
[SourceDate "1997.11.23"]
[SourceVersion "1"]
[SourceVersionDate "1997.11.23"]
[SourceQuality "1"]

1. Nf3 d5 2. d4 Nf6 3. c4 e6 4. Nc3 Be7 5. Bg5 0-0 6. e3 Nbd7 7. Rc1 c6 8. Qc2 Re8 9. a3 h6 10. Bh4 a6 11. cxd5 exd5 12. Bd3 Ne4 13. Bxe7 Qxe7 14. 0-0 Nd6 15. Na4 Nf8 16. b4 Bg4 17. Ne5 Bh5 18. Be2 Bxe2 19. Qxe2 f6 20. Nf3 Nc4 21. Ra1 a5 22. Nb2 b5 23. Nd3 Nd7 24. a4 bxa4 25. Rxa4 Ndb6 26. Ra2 a4 27. Qc2 Ra7 28. h3 Qd6 29. Rb1 a3 30. Nd2 Nxd2 31. Qxd2 Nc4 32. Qc3 Rae7 33. Re1 f5 34. Raa1 Qf6 35. Rec1 Qg5 36. Ne5 Nxe5 37. dxe5 f4 38. exf4 Qxf4 39. Qxa3 Rxe5 40. g3 Qf5 41. Kg2 Re2 42. Qf3 Qe5 43. Qc3 Qe4+ 44. Qf3 Rf8 45. Qxe4 Rfxf2+ 46. Kg1 dxe4 47. Ra3 Rg2+ 48. Kh1 Rh2+ 49. Kg1 Reg2+ 50. Kf1 Rb2 51. Kg1 Rhe2 52. Rac3 e3 53. Rxc6 Rg2+ 0-1

[Event "Lee Cup 4th"]
[Site "Beijing"]
[Date "1997.08.28"]
[Round "5"]
[White "Wang, Yaoyao"]
[Black "Wang, Zili"]
[Result "1/2-1/2"]
[WhiteElo "2430"]
[BlackElo "2520"]
[PlyCount "37"]
[EventDate "1997.08.23"]
[EventType "swiss"]
[EventRounds "11"]
[EventCountry "CHN"]
[SourceTitle "CBM 061"]
[Source "ChessBase"]
[SourceDate "1997.11.23"]
[SourceVersion "1"]
[SourceVersionDate "1997.11.23"]
[SourceQuality "1"]

1. Nf3 Nf6 2. g3 b5 3. Bg2 Bb7 4. d4 e6 5. a4 b4 6. c4 bxc3 7. Nxc3 Bb4 8. 0-0 a5 9. Bf4 0-0 10. Qc2 d6 11. Rfe1 Nbd7 12. e4 h6 13. Bd2 d5 14. e5 Ne8 15. Ne2 Be7 16. Bc3 c5 17. Nd2 Qb6 18. Nb3 Nc7 19. Rec1 1/2-1/2

[Event "Lee Cup 4th"]
[Site "Beijing"]
[Date "1997.08.24"]
[Round "2"]
[White "Wang, Yaoyao"]
[Black "Landa, Konstantin"]
[Result "1-0"]
[WhiteElo "2430"]
[BlackElo "2560"]
[PlyCount "77"]
[EventDate "1997.08.23"]
[EventType "swiss"]
[EventRounds "11"]
[EventCountry "CHN"]
[SourceTitle "CBM 061"]
[Source "ChessBase"]
[SourceDate "1997.11.23"]
[SourceVersion "1"]
[SourceVersionDate "1997.11.23"]
[SourceQuality "1"]

1. Nf3 d5 2. c4 d4 3. e3 Nc6 4. b4 dxe3 5. fxe3 Nxb4 6. d4 e5 7. a3 e4 8. Nfd2 Nd3+ 9. Bxd3 exd3 10. 0-0 f5 11. Nf3 Nf6 12. Qxd3 g6 13. Bb2 Bg7 14. d5 0-0 15. Bd4 Qe7 16. Nc3 c5 17. Be5 Bd7 18. Rae1 Rae8 19. d6 Qd8 20. Nd5 Bc6 21. Nc7 Be4 22. Qd2 Rxe5 23. Nxe5 Qc8 24. Qa5 Nd7 25. Nxd7 Qxd7 26. Qxc5 b6 27. Qb4 Be5 28. Rd1 Rf6 29. Qb5 Qxb5 30. Nxb5 Rf8 31. Nxa7 Kf7 32. d7 Rd8 33. Nc8 Ke6 34. Nxb6 Bd6 35. Rxd6+ Kxd6 36. a4 Kc5 37. a5 Bb7 38. Rb1 Bc6 39. Kf2 1-0

[Event "Lee Cup 3rd"]
[Site "Beijing"]
[Date "1996.??.??"]
[Round "3"]
[White "Liang, Chong"]
[Black "Wang, Yaoyao"]
[Result "1-0"]
[WhiteElo "2275"]
[BlackElo "2410"]
[PlyCount "129"]
[EventDate "1996.08.??"]
[EventType "swiss"]
[EventRounds "11"]
[EventCountry "CHN"]
[SourceTitle "CBM 054 Extra"]
[Source "ChessBase"]
[SourceDate "1996.11.01"]
[SourceVersion "1"]
[SourceVersionDate "1996.11.01"]
[SourceQuality "1"]

1. d4 Nf6 2. c4 c5 3. Nf3 e6 4. Nc3 cxd4 5. Nxd4 b6 6. Ndb5 a6 7. Nd6+ Bxd6 8. Qxd6 Nc6 9. Bf4 Qe7 10. 0-0-0 0-0 11. Qxe7 Nxe7 12. Bd6 Re8 13. e4 Bb7 14. f3 Bc6 15. Be2 Nc8 16. Be5 Re7 17. Kb1 Ne8 18. Rd2 d6 19. Bf4 Rb7 20. a4 Kf8 21. Rhd1 Ke7 22. b4 f6 23. Kb2 Rd7 24. Be3 Rb8 25. f4 Nc7 26. g4 Rd8 27. f5 a5 28. b5 Ba8 29. e5 Ne8 30. c5 bxc5 31. exd6+ Ncxd6 32. Bxc5 e5 33. Ba7 Rb7 34. Bc5 Rbd7 35. b6 Rc8 36. Ba3 Rc6 37. Bb5 Rxb6 38. Ka2 Bf3 39. Nd5+ Bxd5+ 40. Rxd5 g6 41. Bxd7 Kxd7 42. fxg6 hxg6 43. h4 Ke6 44. h5 gxh5 45. gxh5 Ne4 46. h6 Nc3+ 47. Ka1 Nxd1 48. Rb5 Rc6 49. h7 Rc3 50. h8Q Rxa3+ 51. Kb1 Nd6 52. Rb6 Nc3+ 53. Kc2 Nce4 54. Qc8+ Kf7 55. Rb7+ Kg6 56. Qg8+ Kf5 57. Qh7+ Kf4 58. Qh6+ Kf5 59. Qh7+ Kf4 60. Rg7 Rxa4 61. Qh6+ Kf3 62. Qh3+ Kf4 63. Rg4+ Kf5 64. Rh4+ Kg6 65. Qg4+ 1-0

[Event "Lee Cup 3rd"]
[Site "Beijing"]
[Date "1996.??.??"]
[Round "5"]
[White "Rausis, Igors"]
[Black "Wang, Yaoyao"]
[Result "0-1"]
[WhiteElo "2495"]
[BlackElo "2410"]
[PlyCount "88"]
[EventDate "1996.08.??"]
[EventType "swiss"]
[EventRounds "11"]
[EventCountry "CHN"]
[SourceTitle "CBM 054 Extra"]
[Source "ChessBase"]
[SourceDate "1996.11.01"]
[SourceVersion "1"]
[SourceVersionDate "1996.11.01"]
[SourceQuality "1"]

1. e4 c5 2. c3 d5 3. exd5 Qxd5 4. d4 Nf6 5. Nf3 Bg4 6. Nbd2 Nc6 7. Bc4 Bxf3 8. gxf3 Qd7 9. dxc5 g6 10. Ne4 Qf5 11. Nxf6+ Qxf6 12. 0-0 e6 13. Qb3 0-0-0 14. Kg2 Bxc5 15. Qb5 Qe5 16. b4 Bd6 17. Qxe5 Bxe5 18. Be3 Kb8 19. Rac1 g5 20. Rfe1 Bf6 21. Be2 Ne7 22. c4 Nf5 23. Red1 Bd4 24. Bxd4 Rxd4 25. Rxd4 Nxd4 26. Bd3 h6 27. Rd1 Kc7 28. Be4 Rd8 29. a3 f5 30. Bd3 b6 31. Kg3 e5 32. Kg2 h5 33. Bb1 Nxf3 34. Rxd8 Nh4+ 35. Kh3 Kxd8 36. Bc2 e4 37. Bd1 Ng6 38. Kg3 h4+ 39. Kg2 Nf4+ 40. Kf1 g4 41. Ke1 Kc7 42. Kd2 Kd6 43. Ba4 Nd3 44. Ke2 Ne5 0-1

[Event "Lee Cup 3rd"]
[Site "Beijing"]
[Date "1996.??.??"]
[Round "9"]
[White "Wang, Yaoyao"]
[Black "Smirin, Ilia"]
[Result "1-0"]
[WhiteElo "2410"]
[BlackElo "2625"]
[PlyCount "91"]
[EventDate "1996.08.??"]
[EventType "swiss"]
[EventRounds "11"]
[EventCountry "CHN"]
[SourceTitle "CBM 054 Extra"]
[Source "ChessBase"]
[SourceDate "1996.11.01"]
[SourceVersion "1"]
[SourceVersionDate "1996.11.01"]
[SourceQuality "1"]

1. d4 Nf6 2. c4 g6 3. Nc3 Bg7 4. e4 d6 5. Be2 0-0 6. Bg5 Na6 7. Qd2 e5 8. d5 c6 9. f3 Qa5 10. g4 h5 11. h3 Bd7 12. 0-0-0 cxd5 13. Nxd5 Qxd2+ 14. Rxd2 Nxd5 15. Rxd5 Be6 16. Rxd6 Rfc8 17. Kb1 Nb4 18. gxh5 gxh5 19. f4 Bxc4 20. Bxc4 Rxc4 21. Nf3 exf4 22. Rg1 Kf8 23. e5 Nc6 24. Rd7 Re4 25. Bf6 Bxf6 26. exf6 Ne5 27. Nxe5 Rxe5 28. Rg7 Re1+ 29. Kc2 Rc8+ 30. Kd2 Re6 31. Rdxf7+ Ke8 32. Re7+ Rxe7 33. Rxe7+ Kf8 34. Rxb7 Re8 35. Rxa7 f3 36. Re7 Rd8+ 37. Ke1 Rd3 38. Rb7 f2+ 39. Kxf2 Rxh3 40. Kg2 Rd3 41. a4 Rd6 42. f7 Ra6 43. b3 Kg7 44. Kg3 Ra8 45. Kh4 Kg6 46. a5 1-0

[Event "Lee Cup 2nd"]
[Site "Beijing"]
[Date "1995.??.??"]
[Round "3"]
[White "Qi, Jingxuan"]
[Black "Wang, Yaoyao"]
[Result "1/2-1/2"]
[WhiteElo "2390"]
[BlackElo "2445"]
[PlyCount "124"]
[EventDate "1995.08.??"]
[EventType "swiss"]
[EventRounds "11"]
[EventCountry "CHN"]
[SourceTitle "EXT 1997"]
[Source "ChessBase"]
[SourceDate "1996.11.15"]
[SourceVersion "1"]
[SourceVersionDate "1996.11.15"]
[SourceQuality "1"]

1. e4 c5 2. Nf3 d6 3. c3 Nf6 4. h3 e6 5. Be2 Be7 6. 0-0 0-0 7. d3 Nc6 8. Nbd2 e5 9. a3 d5 10. b4 a6 11. Bb2 Re8 12. Re1 Bf8 13. exd5 Nxd5 14. Bf1 Bf5 15. bxc5 Bxc5 16. d4 exd4 17. Rxe8+ Qxe8 18. cxd4 Ba7 19. Qb3 Qd7 20. Nc4 Be6 21. Nfe5 Nxe5 22. Nxe5 Qe7 23. Bc4 Rd8 24. Re1 Qc7 25. Nd3 h6 26. Nb4 Nxb4 27. Bxe6 Nc6 28. Bd5 Bxd4 29. Bxd4 Nxd4 30. Qxb7 Qxb7 31. Bxb7 Nc2 32. Rc1 Nxa3 33. Bxa6 Rd6 34. Bf1 g6 35. g3 Rd7 36. Kg2 Kg7 37. Kf3 Rb7 38. Rc5 Nb1 39. Ke3 Re7+ 40. Kd3 Rd7+ 41. Kc2 Na3+ 42. Kc1 Rb7 43. Bd3 Rb3 44. Kd2 Rb2+ 45. Ke3 h5 46. g4 hxg4 47. hxg4 Rb3 48. g5 Rb4 49. f3 Rb3 50. Kd4 Kf8 51. Be4 Rb2 52. Rc8+ Kg7 53. Ke5 Rb6 54. Bd5 Nb5 55. Rd8 Nc3 56. Bc4 Rc6 57. Kd4 Na4 58. Bb5 Rc2 59. Bd3 Rc7 60. Bc4 Nc5 61. Re8 Nb7 62. Rb8 Na5 1/2-1/2

[Event "Lee Cup 2nd"]
[Site "Beijing"]
[Date "1995.??.??"]
[Round "1"]
[White "Stangl, Anita"]
[Black "Wang, Yaoyao"]
[Result "0-1"]
[WhiteElo "2130"]
[BlackElo "2445"]
[PlyCount "68"]
[EventDate "1995.08.??"]
[EventType "swiss"]
[EventRounds "11"]
[EventCountry "CHN"]
[SourceTitle "EXT 1997"]
[Source "ChessBase"]
[SourceDate "1996.11.15"]
[SourceVersion "1"]
[SourceVersionDate "1996.11.15"]
[SourceQuality "1"]

1. e4 c5 2. Nf3 d6 3. d4 cxd4 4. Nxd4 Nf6 5. Nc3 a6 6. Bc4 e6 7. a3 Be7 8. 0-0 0-0 9. Nde2 b5 10. Ba2 Bb7 11. Ng3 Nbd7 12. Kh1 Rc8 13. Qe2 Nb6 14. f4 Nc4 15. a4 Qb6 16. f5 Rfe8 17. fxe6 fxe6 18. Bg5 Nd7 19. Qh5 Bxg5 20. Bxc4 bxc4 21. Qf7+ Kh8 22. Qxd7 Bf6 23. Rad1 Rcd8 24. Qf7 Be5 25. Nh5 Bc8 26. Rd2 Qxb2 27. Rxd6 h6 28. Rfd1 Rxd6 29. Qxe8+ Kh7 30. Rf1 Qxc3 31. Qxc8 Qxc2 32. Qc7 Rd1 33. Nf6+ Bxf6 34. Qf4 Rxf1+ 0-1

[Event "Lee Cup 2nd"]
[Site "Beijing"]
[Date "1995.??.??"]
[Round "7"]
[White "Wang, Yaoyao"]
[Black "Liang, Jinrong"]
[Result "1/2-1/2"]
[WhiteElo "2445"]
[BlackElo "2450"]
[PlyCount "50"]
[EventDate "1995.08.??"]
[EventType "swiss"]
[EventRounds "11"]
[EventCountry "CHN"]
[SourceTitle "EXT 1997"]
[Source "ChessBase"]
[SourceDate "1996.11.15"]
[SourceVersion "1"]
[SourceVersionDate "1996.11.15"]
[SourceQuality "1"]

1. d4 d5 2. c4 e6 3. Nc3 Be7 4. Nf3 Nf6 5. Bg5 h6 6. Bxf6 Bxf6 7. e3 0-0 8. Rc1 c6 9. Be2 Nd7 10. 0-0 dxc4 11. Bxc4 e5 12. h3 exd4 13. exd4 Re8 14. Qb3 Re7 15. Rfe1 b5 16. Bf1 Rxe1 17. Rxe1 Nb6 18. Ne4 Be6 19. Qc2 Bd5 20. Bd3 Rc8 21. b3 Bxe4 22. Bxe4 Qd6 23. Kf1 b4 24. Bf5 Ra8 25. Ne5 Qxd4 1/2-1/2